đŸŽ¶ Paroles "Complainte de la blanche biche" Tri Yann - Statistiques

Statistiques générales
  • Ce quiz a Ă©tĂ© pris 33 fois
  • Le rĂ©sultat moyen est 193 sur 272
Statistiques - réponses
Mots % Correct
d'
100%
"J'
100%
s'
100%
a
92%
Ă 
92%
A
92%
ai
92%
biche
92%
biche"
92%
blanche
92%
C'
92%
c'
92%
de
92%
est
92%
il
92%
"Je
92%
je
92%
"je
92%
l'
92%
la
92%
La
92%
le
92%
Marguerite ?"
92%
Marguerite"
92%
n'
92%
"Qu'
92%
qu'
92%
qui
92%
t'
92%
vous
92%
"Vous
92%
au
83%
des
83%
en
83%
En
83%
et
83%
"Et
83%
Et
83%
les,
83%
les
83%
ma
83%
Ma
83%
mon
83%
"Mon
83%
OĂč
83%
que
83%
Renaud
83%
Renaud,
83%
sa
83%
suis
83%
un
83%
bien
75%
dans
75%
dire"
75%
"Ils
75%
lui
75%
moi
75%
moi,
75%
ne
75%
"Nous
75%
par
75%
ses
75%
une
75%
y
75%
avez
67%
Elle
67%
jour
67%
mĂšre
67%
mĂšre,
67%
mes
67%
os
67%
ose
67%
son
67%
tes
67%
tous
67%
trop
67%
aux
58%
Celles
58%
chasse
58%
chiens
58%
cƓur
58%
demain
58%
dit
58%
encore
58%
fille
58%
midi
58%
nuit
58%
prie"
58%
sais
58%
sont
58%
tĂȘte
58%
toute
58%
vont
58%
Allez
50%
allez,
50%
aprĂšs
50%
arrĂȘte
50%
"ArrĂȘte-
50%
arrĂȘte,
50%
barons
50%
bois
50%
bois,
50%
Celui
50%
chantant
50%
courre
50%
cuisine
50%
frĂšre
50%
hors
50%
ire
50%
jusqu'
50%
manger,
50%
ont
50%
pauvres
50%
pire
50%
plat
50%
princes"
50%
princes
50%
promptement
50%
sang
50%
soupire
50%
soupirer,
50%
sur
50%
va
50%
assise
42%
chevilles"
42%
couteau,
42%
fois
42%
fois,
42%
premiĂšre
42%
prise
42%
répandu
42%
tiré
42%
vos
42%
blond
33%
cheveu
33%
cornés,
33%
cornet
33%
cuivre
33%
dĂźner
33%
fait
33%
gentille ?"
33%
mise
33%
quartiers
33%
sein
33%
sƓur
33%
Trois
33%
troisiĂšme
33%
charbons
25%
dépouille
25%
dépouilleur,
25%
grillent"
25%
noirs
25%
voici
25%
dedans
17%
Mandons
17%
sied,
17%
Aucun quiz correspondant
Distribution des résultats
% des personnes avec chaque résultat
Percentile par nombre de réponses
Votre historique - résultats
Vous n’avez pas pris ce quiz